[Event "imp"]
[Site "?"]
[Date "2015.03.29"]
[Round "6.1"]
[White "Klekowski, Maciej"]
[Black "Gajewski, Grzegorz"]
[Result "1/2-1/2"]
[LiveChessVersion "1.4.4"]
[BlackElo "2648"]
[WhiteElo "2434"]

1. c4 {[%clk 1:30:57]} e6 {[%clk 1:30:52]} 2. Nf3 {[%clk 1:30:47]} Nf6
{[%clk 1:29:07]} 3. g3 {[%clk 1:30:37]} b6 {[%clk 1:28:57]} 4. Bg2
{[%clk 1:29:52]} Bb7 {[%clk 1:29:22]} 5. O-O {[%clk 1:30:09]} Be7
{[%clk 1:29:48]} 6. Nc3 {[%clk 1:26:34]} O-O {[%clk 1:30:12]} 7. Re1
{[%clk 1:19:02]} d5 {[%clk 1:30:30]} 8. cxd5 {[%clk 1:18:53]} exd5
{[%clk 1:30:56]} 9. d4 {[%clk 1:19:13]} Nc6 {[%clk 1:30:53]} 10. Ne5
{[%clk 1:09:55]} Nxe5 {[%clk 1:23:33]} 11. dxe5 {[%clk 1:09:58]} Ne4
{[%clk 1:23:58]} 12. Nxe4 {[%clk 1:00:32]} dxe4 {[%clk 1:24:22]} 13. Qc2
{[%clk 1:00:59]} Qd5 {[%clk 1:18:13]} 14. Rd1 {[%clk 0:48:04]} Qxe5
{[%clk 1:18:37]} 15. Bf4 {[%clk 0:48:27]} Qc5 {[%clk 1:18:48]} 16. Bxe4
{[%clk 0:43:12]} Qxc2 {[%clk 1:18:41]} 17. Bxc2 {[%clk 0:43:39]} Bf6
{[%clk 1:06:06]} 18. Rd7 {[%clk 0:39:09]} Rac8 {[%clk 1:06:26]} 19. Rad1
{[%clk 0:33:33]} Bc6 {[%clk 1:04:30]} 20. Rxc7 {[%clk 0:32:54]} Rxc7
{[%clk 1:04:52]} 21. Bxc7 {[%clk 0:33:20]} Rc8 {[%clk 1:04:35]} 22. Bf4
{[%clk 0:32:43]} Bxb2 {[%clk 1:04:58]} 23. Bf5 {[%clk 0:30:28]} Re8
{[%clk 1:04:57]} 24. Rd6 {[%clk 0:27:45]} Bb5 {[%clk 0:50:41]} 25. Bd7
{[%clk 0:27:29]} Bxd7 {[%clk 0:50:57]} 26. Rxd7 {[%clk 0:27:55]} f6
{[%clk 0:46:40]} 27. Kf1 {[%clk 0:19:09]} a5 {[%clk 0:44:29]} 28. Rd6
{[%clk 0:18:18]} b5 {[%clk 0:35:31]} 29. Rd5 {[%clk 0:18:37]} b4 {[%clk 0:35:55]}
30. Rxa5 {[%clk 0:17:13]} Rd8 {[%clk 0:35:29]} 31. Kg2 {[%clk 0:14:21]} Rd1
{[%clk 0:35:09]} 32. Ra7 {[%clk 0:12:20]} Ra1 {[%clk 0:26:44]} 33. Kf3
{[%clk 0:08:38]} Ba3 {[%clk 0:21:32]} 34. Bd2 {[%clk 0:07:17]} Rb1
{[%clk 0:17:07]} 35. Ke3 {[%clk 0:04:33]} g5 {[%clk 0:13:04]} 36. h3
{[%clk 0:03:22]} h5 {[%clk 0:12:16]} 37. Ke4 {[%clk 0:02:53]} Rb2
{[%clk 0:11:50]} 38. Kd3 {[%clk 0:01:55]} h4 {[%clk 0:12:02]} 39. gxh4
{[%clk 0:02:06]} gxh4 {[%clk 0:12:27]} 40. Bc3 {[%clk 0:30:56]} bxc3
{[%clk 0:39:49]} 41. Rxa3 {[%clk 0:31:23]} Kg7 {[%clk 0:39:03]} 42. Rxc3
{[%clk 0:30:16]} Rxa2 {[%clk 0:39:28]} 43. Ke3 {[%clk 0:30:19]} Kg6
{[%clk 0:39:12]} 44. Kf3 {[%clk 0:24:07]} f5 {[%clk 0:38:43]} 45. Rc4
{[%clk 0:09:58]} Kg5 46. Rc8 {[%clk 0:08:27]} Ra3+ {[%clk 0:39:13]} 47. Kg2
{[%clk 0:08:44]} Ra2 {[%clk 0:39:06]} 48. Rg8+ {[%clk 0:09:06]} Kf6
{[%clk 0:39:31]} 49. Re8 {[%clk 0:09:23]} Kg5 {[%clk 0:39:48]} 50. e4
{[%clk 0:08:12]} fxe4 {[%clk 0:40:10]} 51. Rxe4 {[%clk 0:08:38]} Ra3
{[%clk 0:40:22]} 52. Re5+ {[%clk 0:08:46]} Kg6 {[%clk 0:40:46]} 53. Re3
{[%clk 0:09:11]} Ra2 {[%clk 0:40:44]} 54. Kf3 {[%clk 0:09:21]} Kf5
{[%clk 0:40:44]} 55. Rd3 {[%clk 0:09:10]} Ra5 {[%clk 0:39:38]} 56. Rd4
{[%clk 0:08:22]} Ra3+ {[%clk 0:39:50]} 57. Kg2 {[%clk 0:08:47]} Kg5
{[%clk 0:40:14]} 58. Rg4+ {[%clk 0:09:11]} Kh5 {[%clk 0:40:39]} 59. Rg8
{[%clk 0:09:23]} Rb3 {[%clk 0:40:49]} 60. f4 {[%clk 0:08:57]} Rb2+
{[%clk 0:39:51]} 61. Kf3 {[%clk 0:09:22]} Rb3+ {[%clk 0:40:11]} 62. Ke4
{[%clk 0:09:43]} Rb4+ {[%clk 0:40:05]} 1/2-1/2

[Event "imp"]
[Site "?"]
[Date "2015.03.29"]
[Round "6.2"]
[White "Piorun, Kacper"]
[Black "Tomczak, Jacek"]
[Result "1/2-1/2"]
[LiveChessVersion "1.4.4"]
[BlackElo "2554"]
[WhiteElo "2528"]

1. e4 {[%clk 1:30:57]} c6 {[%clk 1:30:54]} 2. d4 {[%clk 1:30:55]} d5
{[%clk 1:31:20]} 3. Nc3 {[%clk 1:31:20]} dxe4 {[%clk 1:31:42]} 4. Nxe4
{[%clk 1:31:45]} Bf5 {[%clk 1:32:05]} 5. Ng3 {[%clk 1:32:10]} Bg6
{[%clk 1:32:24]} 6. h4 {[%clk 1:32:31]} h6 {[%clk 1:32:47]} 7. Nf3
{[%clk 1:32:57]} Nd7 {[%clk 1:32:55]} 8. h5 {[%clk 1:33:22]} Bh7 {[%clk 1:33:22]}
9. Bd3 {[%clk 1:33:47]} Bxd3 {[%clk 1:33:39]} 10. Qxd3 {[%clk 1:34:12]} e6
{[%clk 1:34:03]} 11. Bd2 {[%clk 1:34:31]} Ngf6 {[%clk 1:34:06]} 12. O-O-O
{[%clk 1:34:54]} Be7 {[%clk 1:34:13]} 13. Kb1 {[%clk 1:35:12]} Qb6
{[%clk 1:34:20]} 14. c4 {[%clk 1:35:17]} O-O {[%clk 1:29:10]} 15. Bf4
{[%clk 1:34:42]} a5 {[%clk 1:20:30]} 16. Ne4 {[%clk 1:33:25]} c5 {[%clk 1:10:39]}
17. g4 {[%clk 1:15:54]} Nxg4 {[%clk 0:52:12]} 18. Ne5 {[%clk 1:09:37]} Ndxe5
{[%clk 0:47:05]} 19. dxe5 {[%clk 1:10:01]} f5 {[%clk 0:47:32]} 20. exf6
{[%clk 1:09:32]} Bxf6 {[%clk 0:39:32]} 21. Nxf6+ {[%clk 0:56:30]} Rxf6
{[%clk 0:39:14]} 22. Qg3 {[%clk 0:56:53]} Raf8 {[%clk 0:36:18]} 23. Bc1
{[%clk 0:47:53]} Nxf2 {[%clk 0:32:44]} 24. Rd7 {[%clk 0:46:26]} R6f7
{[%clk 0:21:26]} 25. Rxf7 {[%clk 0:46:43]} Rxf7 {[%clk 0:21:53]} 26. Rf1
{[%clk 0:47:03]} Qb4 {[%clk 0:22:15]} 27. b3 {[%clk 0:21:28]} a4 {[%clk 0:20:28]}
28. Rxf2 {[%clk 0:21:46]} Rxf2 {[%clk 0:20:28]} 29. Qxf2 {[%clk 0:22:12]} axb3
{[%clk 0:20:47]} 30. Qe2 {[%clk 0:22:37]} bxa2+ {[%clk 0:15:49]} 31. Kxa2
{[%clk 0:23:05]} Qa4+ {[%clk 0:14:41]} 32. Ba3 {[%clk 0:23:29]} e5
{[%clk 0:13:48]} 33. Kb2 {[%clk 0:21:21]} b5 {[%clk 0:13:23]} 34. Bxc5
{[%clk 0:17:44]} bxc4 {[%clk 0:12:48]} 35. Qxe5 {[%clk 0:18:09]} Qb3+
{[%clk 0:12:38]} 36. Kc1 {[%clk 0:18:35]} c3 {[%clk 0:12:20]} 37. Qe8+
{[%clk 0:19:01]} Kh7 {[%clk 0:12:47]} 38. Qe4+ {[%clk 0:19:26]} Kh8
{[%clk 0:12:34]} 39. Qa8+ {[%clk 0:19:47]} Kh7 {[%clk 0:12:33]} 40. Qe4+
{[%clk 0:50:13]} Kh8 {[%clk 0:42:58]} 41. Qe8+ {[%clk 0:50:40]} Kh7
{[%clk 0:43:16]} 42. Qg6+ {[%clk 0:51:03]} 1/2-1/2

[Event "imp"]
[Site "?"]
[Date "2015.03.29"]
[Round "6.3"]
[White "Swiercz, Dariusz"]
[Black "Bartel, Mateusz"]
[Result "1-0"]
[LiveChessVersion "1.4.4"]
[BlackElo "2627"]
[WhiteElo "2622"]

1. d4 {[%clk 1:30:57]} d5 {[%clk 1:30:51]} 2. c4 {[%clk 1:31:22]} c6
{[%clk 1:31:16]} 3. Nf3 {[%clk 1:31:37]} e6 {[%clk 1:31:38]} 4. Qc2
{[%clk 1:32:00]} dxc4 {[%clk 1:32:01]} 5. Qxc4 {[%clk 1:32:26]} Nf6
{[%clk 1:32:14]} 6. Qc2 {[%clk 1:32:52]} Nbd7 {[%clk 1:31:36]} 7. g3
{[%clk 1:25:10]} Qa5+ {[%clk 1:18:16]} 8. Nc3 {[%clk 1:13:21]} e5
{[%clk 1:02:54]} 9. Bg2 {[%clk 1:12:24]} exd4 {[%clk 1:02:06]} 10. Nxd4
{[%clk 1:12:49]} Qh5 {[%clk 1:01:43]} 11. h3 {[%clk 0:55:30]} Nb6
{[%clk 0:57:23]} 12. e4 {[%clk 0:53:35]} g6 {[%clk 0:50:55]} 13. Bf4
{[%clk 0:49:39]} g5 {[%clk 0:43:29]} 14. Bc7 {[%clk 0:35:32]} Bc5
{[%clk 0:41:43]} 15. Be5 {[%clk 0:22:47]} Qg6 {[%clk 0:34:09]} 16. O-O
{[%clk 0:19:23]} O-O {[%clk 0:32:47]} 17. Nf5 {[%clk 0:18:23]} Re8
{[%clk 0:24:18]} 18. Bd6 {[%clk 0:17:11]} Nxe4 {[%clk 0:23:42]} 19. Ne7+
{[%clk 0:17:29]} Rxe7 {[%clk 0:24:08]} 20. Bxe7 {[%clk 0:17:56]} Bxe7
{[%clk 0:24:14]} 21. Bxe4 {[%clk 0:17:43]} f5 {[%clk 0:24:37]} 22. Bd3
{[%clk 0:17:06]} Be6 {[%clk 0:23:51]} 23. Rfe1 {[%clk 0:17:08]} Rf8
{[%clk 0:23:43]} 24. Re2 {[%clk 0:14:21]} Bd6 {[%clk 0:22:51]} 25. Rae1
{[%clk 0:14:26]} Bd7 {[%clk 0:23:12]} 26. Na4 {[%clk 0:13:55]} Nxa4
{[%clk 0:18:31]} 27. Qxa4 {[%clk 0:14:04]} b5 {[%clk 0:18:13]} 28. Qxa7
{[%clk 0:13:37]} Rf7 {[%clk 0:18:42]} 29. Qd4 {[%clk 0:08:12]} Bf8
{[%clk 0:19:10]} 30. b4 {[%clk 0:06:19]} Qf6 {[%clk 0:19:13]} 31. Qxf6
{[%clk 0:05:28]} Rxf6 {[%clk 0:19:41]} 32. a3 {[%clk 0:04:30]} h5
{[%clk 0:19:27]} 33. Bc2 {[%clk 0:03:10]} c5 {[%clk 0:17:34]} 34. Rd2
{[%clk 0:03:00]} Bc6 {[%clk 0:17:51]} 35. bxc5 {[%clk 0:01:15]} Bxc5
{[%clk 0:18:19]} 36. Re5 {[%clk 0:00:50]} Bd6 {[%clk 0:17:56]} 37. Rxf5
{[%clk 0:01:04]} Rxf5 {[%clk 0:18:21]} 38. Bxf5 {[%clk 0:01:28]} Bxa3
{[%clk 0:18:48]} 39. Bd7 1-0

[Event "imp"]
[Site "?"]
[Date "2015.03.29"]
[Round "6.4"]
[White "Socko, Bartosz"]
[Black "Duda, Jan-krzysztof"]
[Result "1/2-1/2"]
[LiveChessVersion "1.4.4"]
[BlackElo "2597"]
[WhiteElo "2623"]

1. e4 {[%clk 1:30:58]} c5 {[%clk 1:30:24]} 2. Nf3 {[%clk 1:31:22]} d6
{[%clk 1:30:47]} 3. d4 {[%clk 1:31:48]} cxd4 {[%clk 1:31:10]} 4. Nxd4
{[%clk 1:32:13]} Nf6 {[%clk 1:31:29]} 5. Nc3 {[%clk 1:32:37]} a6 {[%clk 1:31:51]}
6. g3 {[%clk 1:33:01]} e6 {[%clk 1:23:41]} 7. Bg2 {[%clk 1:33:07]} Be7
{[%clk 1:22:29]} 8. O-O {[%clk 1:33:28]} O-O {[%clk 1:22:27]} 9. Be3
{[%clk 1:33:54]} Bd7 {[%clk 1:13:59]} 10. g4 {[%clk 1:33:18]} Nc6
{[%clk 1:06:53]} 11. g5 {[%clk 1:32:31]} Ne8 {[%clk 1:07:02]} 12. f4
{[%clk 1:32:09]} Nc7 {[%clk 0:58:27]} 13. Nxc6 {[%clk 1:25:46]} Bxc6
{[%clk 0:53:47]} 14. Qd2 {[%clk 1:25:57]} f6 {[%clk 0:34:01]} 15. h4
{[%clk 1:24:48]} d5 {[%clk 0:30:42]} 16. exd5 {[%clk 1:03:05]} Nxd5
{[%clk 0:30:38]} 17. Nxd5 {[%clk 1:02:46]} Bxd5 {[%clk 0:30:53]} 18. Rad1
{[%clk 1:01:56]} Bxg2 {[%clk 0:20:07]} 19. Qxg2 {[%clk 1:00:05]} Qc7
{[%clk 0:20:15]} 20. Qe4 {[%clk 0:59:22]} Bc5 {[%clk 0:18:52]} 21. Bxc5
{[%clk 0:49:13]} Qxc5+ {[%clk 0:19:17]} 22. Rf2 {[%clk 0:49:30]} fxg5
{[%clk 0:16:24]} 23. hxg5 {[%clk 0:48:58]} Qf5 {[%clk 0:15:53]} 24. Re1
{[%clk 0:47:53]} Qg4+ {[%clk 0:13:02]} 25. Rg2 {[%clk 0:45:14]} Qxf4
{[%clk 0:12:59]} 26. Qxf4 {[%clk 0:45:37]} Rxf4 {[%clk 0:13:24]} 27. Rxe6
{[%clk 0:45:57]} Rd8 {[%clk 0:13:27]} 28. Rb6 {[%clk 0:45:56]} Rd7
{[%clk 0:13:14]} 29. b3 {[%clk 0:46:05]} Kf8 {[%clk 0:12:03]} 30. c4
{[%clk 0:44:53]} Ke7 {[%clk 0:10:58]} 31. c5 {[%clk 0:41:28]} Kd8
{[%clk 0:09:46]} 32. c6 {[%clk 0:41:17]} bxc6 {[%clk 0:10:02]} 33. Rxc6
{[%clk 0:41:39]} a5 {[%clk 0:10:11]} 34. g6 {[%clk 0:40:12]} hxg6
{[%clk 0:09:57]} 35. Rcxg6 {[%clk 0:40:36]} a4 {[%clk 0:09:51]} 36. Rxg7
{[%clk 0:40:29]} Rxg7 {[%clk 0:10:15]} 37. Rxg7 {[%clk 0:40:54]} axb3
{[%clk 0:10:38]} 38. axb3 {[%clk 0:41:19]} Rf3 {[%clk 0:10:38]} 39. Rb7
{[%clk 0:41:43]} Kc8 {[%clk 0:11:03]} 40. Rb4 {[%clk 1:12:08]} Kc7
{[%clk 0:41:24]} 41. Kg2 {[%clk 1:12:34]} Rf8 {[%clk 0:41:37]} 42. Kg3
{[%clk 1:12:01]} 1/2-1/2

[Event "imp"]
[Site "?"]
[Date "2015.03.29"]
[Round "6.5"]
[White "Weichhold, Pawel"]
[Black "Olszewski, Michal"]
[Result "1/2-1/2"]
[LiveChessVersion "1.4.4"]
[BlackElo "2567"]
[WhiteElo "2404"]

1. e4 {[%clk 1:30:57]} c5 {[%clk 1:30:57]} 2. Nf3 {[%clk 1:31:22]} d6
{[%clk 1:31:25]} 3. d4 {[%clk 1:31:46]} cxd4 {[%clk 1:31:51]} 4. Nxd4
{[%clk 1:32:12]} Nf6 {[%clk 1:32:16]} 5. Nc3 {[%clk 1:32:39]} a6 {[%clk 1:32:43]}
6. Be3 {[%clk 1:33:00]} e5 {[%clk 1:33:08]} 7. Nb3 {[%clk 1:33:25]} Be6
{[%clk 1:33:30]} 8. h3 {[%clk 1:33:40]} Nbd7 {[%clk 1:33:02]} 9. g4
{[%clk 1:33:26]} Rc8 {[%clk 1:30:09]} 10. Qd2 {[%clk 1:00:48]} b5
{[%clk 1:30:32]} 11. O-O-O {[%clk 0:59:30]} h6 {[%clk 1:30:59]} 12. f4
{[%clk 0:55:00]} Be7 {[%clk 1:31:19]} 13. Bg2 {[%clk 0:50:30]} Nb6
{[%clk 1:17:08]} 14. Bxb6 {[%clk 0:45:50]} Qxb6 {[%clk 1:17:21]} 15. Kb1
{[%clk 0:45:19]} O-O {[%clk 1:09:18]} 16. Nd5 {[%clk 0:41:17]} Bxd5
{[%clk 0:58:29]} 17. exd5 {[%clk 0:41:36]} Rc4 {[%clk 0:58:28]} 18. Rhf1
{[%clk 0:30:44]} Nd7 {[%clk 0:42:32]} 19. fxe5 {[%clk 0:27:21]} Nxe5
{[%clk 0:35:06]} 20. Na5 {[%clk 0:16:42]} Rcc8 {[%clk 0:30:25]} 21. Nc6
{[%clk 0:07:50]} Bg5 {[%clk 0:30:18]} 22. Qf2 {[%clk 0:06:58]} Qxf2
{[%clk 0:30:33]} 23. Rxf2 {[%clk 0:07:26]} Nc4 {[%clk 0:24:40]} 24. Re2
{[%clk 0:07:36]} Rce8 {[%clk 0:23:43]} 25. Rde1 {[%clk 0:05:24]} Ne3
{[%clk 0:20:09]} 26. b3 {[%clk 0:05:29]} g6 {[%clk 0:17:00]} 27. Bh1
{[%clk 0:04:38]} Bh4 {[%clk 0:16:46]} 28. Rc1 {[%clk 0:04:21]} Nc4
{[%clk 0:14:22]} 29. Rxe8 {[%clk 0:03:52]} Nd2+ {[%clk 0:14:33]} 30. Kb2
{[%clk 0:04:20]} Rxe8 {[%clk 0:13:41]} 31. Kc3 {[%clk 0:04:21]} Bg5
{[%clk 0:12:45]} 32. Rd1 {[%clk 0:03:45]} Re2 {[%clk 0:08:05]} 33. Kb4
{[%clk 0:04:00]} f5 {[%clk 0:05:13]} 34. gxf5 {[%clk 0:04:27]} gxf5
{[%clk 0:05:40]} 35. Ka5 {[%clk 0:03:34]} f4 {[%clk 0:03:15]} 36. Nd4
{[%clk 0:03:35]} Rh2 {[%clk 0:02:34]} 37. Kxa6 {[%clk 0:02:51]} b4
{[%clk 0:01:24]} 38. Kb5 {[%clk 0:02:16]} Bf6 {[%clk 0:00:49]} 39. Nf5
{[%clk 0:00:55]} f3 {[%clk 0:00:43]} 40. Nxh6+ {[%clk 0:30:35]} Kg7
{[%clk 0:30:35]} 41. Ng4 {[%clk 0:24:46]} Rxh3 {[%clk 0:27:12]} 42. Rxd2
{[%clk 0:21:20]} Rxh1 {[%clk 0:27:23]} 43. Rd3 {[%clk 0:17:56]} Rh3
{[%clk 0:24:18]} 44. Nf2 {[%clk 0:16:57]} Rg3 {[%clk 0:18:03]} 45. Ne4
{[%clk 0:16:37]} Rh3 {[%clk 0:18:08]} 46. Nd2 {[%clk 0:15:25]} Rh2
{[%clk 0:18:06]} 47. Nxf3 {[%clk 0:14:53]} Rxc2 {[%clk 0:18:30]} 48. Kxb4
{[%clk 0:14:31]} Rxa2 {[%clk 0:18:43]} 49. Nd4 {[%clk 0:12:39]} Kf7
{[%clk 0:17:48]} 50. Nc6 {[%clk 0:12:20]} Rc2 {[%clk 0:15:56]} 51. Kb5
{[%clk 0:11:06]} Bh4 {[%clk 0:15:12]} 52. b4 {[%clk 0:09:33]} Bf2
{[%clk 0:15:01]} 53. Nd4 {[%clk 0:06:32]} Rb2 {[%clk 0:14:09]} 54. Nb3
{[%clk 0:05:23]} Kf6 {[%clk 0:12:50]} 55. Rd2 {[%clk 0:03:27]} Rxd2
{[%clk 0:11:52]} 56. Nxd2 {[%clk 0:03:55]} Kf5 {[%clk 0:10:05]} 57. Nf3
{[%clk 0:00:54]} Ke4 {[%clk 0:07:53]} 58. Kc6 {[%clk 0:01:23]} Kxf3
{[%clk 0:08:11]} 59. Kxd6 {[%clk 0:01:51]} Ke4 {[%clk 0:07:37]} 60. b5
{[%clk 0:01:48]} Bb6 {[%clk 0:06:55]} 61. Kc6 {[%clk 0:01:21]} Ba5
{[%clk 0:06:42]} 62. Kd6 {[%clk 0:01:39]} Kd4 {[%clk 0:06:17]} 63. Kc6
{[%clk 0:02:02]} Ke5 {[%clk 0:06:09]} 64. d6 {[%clk 0:02:26]} Ke6
{[%clk 0:06:24]} 1/2-1/2

[Event "imp"]
[Site "?"]
[Date "2015.03.29"]
[Round "6.6"]
[White "Dragun, Kamil"]
[Black "Kolosowski, Mateusz"]
[Result "1-0"]
[LiveChessVersion "1.4.4"]
[BlackElo "2443"]
[WhiteElo "2558"]

1. d4 {[%clk 1:30:57]} Nf6 {[%clk 1:30:53]} 2. c4 {[%clk 1:31:21]} g6
{[%clk 1:31:19]} 3. Nf3 {[%clk 1:31:44]} Bg7 {[%clk 1:31:43]} 4. g3
{[%clk 1:32:07]} c6 {[%clk 1:32:07]} 5. Bg2 {[%clk 1:32:09]} d5 {[%clk 1:32:31]}
6. b3 {[%clk 1:30:22]} O-O {[%clk 1:31:24]} 7. O-O {[%clk 1:30:45]} dxc4
{[%clk 1:31:27]} 8. bxc4 {[%clk 1:31:08]} c5 {[%clk 1:31:53]} 9. Bb2
{[%clk 1:31:22]} Qb6 {[%clk 1:31:39]} 10. Qc1 {[%clk 1:31:42]} Rd8
{[%clk 1:11:32]} 11. e3 {[%clk 1:24:55]} Nc6 {[%clk 1:02:39]} 12. d5
{[%clk 1:20:55]} Nb4 {[%clk 0:58:30]} 13. Ne1 {[%clk 1:20:11]} Bf5
{[%clk 0:57:20]} 14. Nd2 {[%clk 1:19:44]} Bd3 {[%clk 0:55:02]} 15. a3
{[%clk 1:19:55]} Bxf1 {[%clk 0:55:03]} 16. Nxf1 {[%clk 1:19:09]} Na6
{[%clk 0:54:36]} 17. Rb1 {[%clk 1:18:53]} Qd6 {[%clk 0:44:09]} 18. Nd3
{[%clk 1:18:39]} Nd7 {[%clk 0:33:11]} 19. Bxg7 {[%clk 1:08:41]} Kxg7
{[%clk 0:33:39]} 20. Nd2 {[%clk 1:09:02]} Rab8 {[%clk 0:22:51]} 21. Ne4
{[%clk 1:08:29]} Qc7 {[%clk 0:23:19]} 22. Qc3+ {[%clk 1:08:33]} f6
{[%clk 0:15:30]} 23. g4 {[%clk 0:54:29]} Ne5 {[%clk 0:08:33]} 24. Nf4
{[%clk 0:52:18]} Rd6 {[%clk 0:07:13]} 25. g5 {[%clk 0:51:13]} b6 {[%clk 0:05:45]}
26. Ne6+ {[%clk 0:41:21]} Rxe6 {[%clk 0:06:13]} 27. dxe6 {[%clk 0:41:44]} Rf8
{[%clk 0:04:01]} 28. Rd1 {[%clk 0:41:27]} Nb8 {[%clk 0:04:29]} 29. f4
{[%clk 0:41:44]} Nec6 {[%clk 0:04:58]} 30. h4 {[%clk 0:40:10]} Nd8
{[%clk 0:02:16]} 31. Bh3 {[%clk 0:40:20]} Nb7 {[%clk 0:02:27]} 32. h5
{[%clk 0:39:03]} gxh5 {[%clk 0:02:28]} 33. Kf2 {[%clk 0:39:28]} Qc6
{[%clk 0:01:42]} 34. gxf6+ {[%clk 0:39:23]} exf6 {[%clk 0:02:10]} 35. Rg1+
{[%clk 0:39:17]} Kh6 {[%clk 0:02:27]} 36. e7 {[%clk 0:38:52]} Rh8
{[%clk 0:01:50]} 37. Qxf6+ {[%clk 0:38:51]} 1-0

[Event "imp"]
[Site "?"]
[Date "2015.03.29"]
[Round "6.7"]
[White "Brodowski, Piotr"]
[Black "Sadzikowski, Daniel"]
[Result "1-0"]
[LiveChessVersion "1.4.4"]
[BlackElo "2500"]
[WhiteElo "2435"]

1. c4 {[%clk 1:30:48]} Nf6 {[%clk 1:30:55]} 2. g3 {[%clk 1:31:10]} c6
{[%clk 1:31:21]} 3. Bg2 {[%clk 1:31:35]} d5 {[%clk 1:31:49]} 4. Nf3
{[%clk 1:26:06]} dxc4 {[%clk 1:31:45]} 5. a4 {[%clk 1:20:50]} Qd5
{[%clk 1:24:24]} 6. O-O {[%clk 1:19:03]} Na6 {[%clk 1:01:15]} 7. Nc3
{[%clk 1:06:02]} Qh5 {[%clk 0:52:17]} 8. b3 {[%clk 0:56:42]} e5 {[%clk 0:48:39]}
9. bxc4 {[%clk 0:41:46]} e4 {[%clk 0:48:59]} 10. Nd4 {[%clk 0:37:58]} Bh3
{[%clk 0:49:12]} 11. e3 {[%clk 0:35:47]} Qxd1 {[%clk 0:46:42]} 12. Rxd1
{[%clk 0:34:31]} Bxg2 {[%clk 0:47:08]} 13. Kxg2 {[%clk 0:34:54]} Bc5
{[%clk 0:38:44]} 14. Nce2 {[%clk 0:33:59]} g6 {[%clk 0:33:23]} 15. Bb2
{[%clk 0:34:11]} Ke7 {[%clk 0:33:32]} 16. Nb3 {[%clk 0:32:02]} Bb4
{[%clk 0:25:38]} 17. f3 {[%clk 0:32:26]} exf3+ {[%clk 0:20:48]} 18. Kxf3
{[%clk 0:32:54]} Rhe8 {[%clk 0:21:04]} 19. g4 {[%clk 0:33:13]} Rad8
{[%clk 0:20:15]} 20. Rab1 {[%clk 0:31:03]} Nd7 {[%clk 0:19:34]} 21. g5
{[%clk 0:21:02]} f6 {[%clk 0:19:21]} 22. gxf6+ {[%clk 0:21:06]} Nxf6
{[%clk 0:19:49]} 23. Bxf6+ {[%clk 0:20:33]} Kxf6 {[%clk 0:20:17]} 24. Ng3
{[%clk 0:20:44]} Rf8 {[%clk 0:16:07]} 25. Ke2 {[%clk 0:20:36]} c5
{[%clk 0:13:12]} 26. Ne4+ {[%clk 0:20:42]} Ke7 {[%clk 0:10:40]} 27. a5
{[%clk 0:18:51]} Rf5 {[%clk 0:10:34]} 28. Rf1 {[%clk 0:19:03]} Rdf8
{[%clk 0:09:57]} 29. Rxf5 {[%clk 0:18:14]} Rxf5 {[%clk 0:09:26]} 30. Rf1
{[%clk 0:18:28]} Rh5 {[%clk 0:06:33]} 31. Rf2 {[%clk 0:18:36]} Nc7
{[%clk 0:06:46]} 32. Kd3 {[%clk 0:18:36]} Ne8 {[%clk 0:06:42]} 33. Ke2
{[%clk 0:16:36]} Re5 {[%clk 0:06:48]} 34. d3 {[%clk 0:15:30]} Rh5
{[%clk 0:06:23]} 35. Kf1 {[%clk 0:14:51]} Re5 {[%clk 0:04:13]} 36. Rf3
{[%clk 0:14:19]} Nd6 {[%clk 0:03:08]} 37. Nf6 {[%clk 0:13:52]} b5
{[%clk 0:00:38]} 38. axb6 {[%clk 0:13:56]} axb6 {[%clk 0:00:55]} 39. Nd5+
{[%clk 0:14:18]} Ke6 {[%clk 0:00:49]} 40. Rf6+ {[%clk 0:43:09]} Kd7
{[%clk 0:31:17]} 41. Nxb6+ {[%clk 0:43:28]} Ke7 {[%clk 0:31:23]} 42. Rf3
{[%clk 0:43:51]} Nf5 {[%clk 0:29:15]} 43. Nd5+ {[%clk 0:43:27]} Kd6
{[%clk 0:28:35]} 44. e4 {[%clk 0:39:04]} Nh4 {[%clk 0:27:54]} 45. Rf6+
{[%clk 0:38:59]} Re6 {[%clk 0:28:22]} 46. Rxe6+ {[%clk 0:38:30]} Kxe6
{[%clk 0:28:50]} 47. Nxb4 {[%clk 0:36:33]} cxb4 {[%clk 0:29:17]} 48. d4
{[%clk 0:34:10]} g5 {[%clk 0:29:17]} 49. Kf2 {[%clk 0:34:27]} h5 {[%clk 0:29:40]}
50. c5 {[%clk 0:32:08]} g4 {[%clk 0:29:12]} 51. Ke3 {[%clk 0:27:01]} Nf3
{[%clk 0:29:35]} 52. Kf4 {[%clk 0:27:24]} Nxh2 {[%clk 0:29:23]} 53. d5+
{[%clk 0:27:48]} Ke7 {[%clk 0:28:35]} 54. c6 {[%clk 0:27:42]} Nf3
{[%clk 0:28:03]} 55. c7 {[%clk 0:26:26]} Kd7 {[%clk 0:28:27]} 56. d6
{[%clk 0:26:46]} Kc8 {[%clk 0:24:34]} 57. e5 {[%clk 0:23:17]} Nxe5
{[%clk 0:21:21]} 58. Kxe5 {[%clk 0:23:31]} g3 {[%clk 0:21:49]} 59. Kd5
{[%clk 0:23:41]} 1-0